Geography Quiz

Random Geography or State Quiz

4-Letter Geography Challenge Quiz Stats

 Plays Quiz Updated Jun 29, 2015

Score 0/28 Timer 03:00
2 Plays Today
% Correct
There are no 4 letter state capitals.
100%
Ohio
89.2%
Iowa
87.5%
Utah
84.3%
Peru
82.5%
Iran
75.4%
Iraq
75.3%
Fiji
74.9%
Mali
74.7%
Chad
74.5%
Oman
74.4%
Togo
73.2%
Laos
70.8%
Cuba
70%
% Correct
Rome
66.9%
Lima
65.4%
Oslo
63%
Bern
57.9%
Riga
51.1%
Kyiv
49.6%
Doha
46.3%
Suva
45.8%
Apia
44.4%
Lomé
44%
Baku
43.7%
Dili
43.2%
Malé
42.7%
Juba
40.3%

You're not logged in!

Compare scores with friends on all Sporcle quizzes.
OR
Log In

You Might Also Like...

Show Comments

Extras

Top Quizzes Today


Score Distribution

Your Account Isn't Verified!

In order to create a playlist on Sporcle, you need to verify the email address you used during registration. Go to your Sporcle Settings to finish the process.

Report this User

Report this user for behavior that violates our Community Guidelines.

Details: